| 000 | 00612nam a22002057a 4500 | ||
|---|---|---|---|
| 999 |
_c17989 _d17989 |
||
| 003 | AR-CdUCM | ||
| 008 | 190511b ||||| |||| 00| 0 spa d | ||
| 040 |
_aMUNICIPALIDAD PROVINCIAL DEL CUSCO _cBIBLIOTECA MUNICIPAL DEL CUSCO |
||
| 082 |
_aPI / 848.4 / _bZ37 |
||
| 100 |
_aZapata Santillana, Everardo _927530 |
||
| 245 | _aFabulas de la fontaine / | ||
| 260 |
_aPerú : _bNavarrete, _c1995. |
||
| 300 |
_c21 cm. _a128 páginas |
||
| 440 |
_aEdiciones coquito. _927944 |
||
| 500 | _aFabulas. | ||
| 650 |
_aCuentos. _9217 |
||
| 650 |
_aHistorietas. _910786 |
||
| 942 |
_2ddc _cLIBROS |
||
| 945 |
_arum _d2019-05-11 |
||